Hungarian Jesuits in Brazil in the middle of the 18th century

Elmentve itt :
Bibliográfiai részletek
Szerző: Babarczi Dóra
Dokumentumtípus: Cikk
Megjelent: 2016
Sorozat:Chronica 12
Kulcsszavak:Misszió - jezsuita - magyar - Dél-Amerika - 1753-1760
Tárgyszavak:
Online Access:http://acta.bibl.u-szeged.hu/48871
LEADER 00729nab a2200205 i 4500
001 acta48871
005 20251001141315.0
008 170710s2016 hu o 000 eng d
022 |a 1588 2039 
040 |a SZTE Egyetemi Kiadványok Repozitórium  |b hun 
041 |a eng 
100 1 |a Babarczi Dóra 
245 1 0 |a Hungarian Jesuits in Brazil in the middle of the 18th century  |h [elektronikus dokumentum] /  |c  Babarczi Dóra 
260 |c 2016 
300 |a 215-223 
490 0 |a Chronica  |v 12 
650 4 |a Bölcsészettudományok 
650 4 |a Történettudomány és régészet 
695 |a Misszió - jezsuita - magyar - Dél-Amerika - 1753-1760 
856 4 0 |u http://acta.bibl.u-szeged.hu/48871/1/chronica_012_215-223.pdf  |z Dokumentum-elérés